| 000 | 00660nam a2200229Ia 4500 | ||
|---|---|---|---|
| 005 | 20250508163953.0 | ||
| 008 | 008 250505s9999 xx 000 0 eng d | ||
| 037 | _aTextBook | ||
| 040 |
_aFEDL _beng _cFEDL |
||
| 041 |
_aeng _2eng |
||
| 084 |
_a371.2, PAN/R _qFEDL |
||
| 100 |
_aPant B D _9776888 |
||
| 245 | 0 | _aDemocratic principal and educational supervisor | |
| 260 |
_aNew Delhi, India _bArya Book Depot _c1993 |
||
| 300 | _aii,187p | ||
| 365 |
_aINR _b985 |
||
| 546 | _aRs 985.00 per set of 3 vol. | ||
| 650 | _aSchool Administration | ||
| 700 |
_a Aggarwal J C _9776889 |
||
| 942 |
_cTB _h371.2, PAN/R |
||
| 999 |
_c1386353 _d1386353 |
||